Cenová konvergence k Evropské unii - problém relatívních cen

Problematika nízkej cenovej hladiny v Českej republike v porovnaní s vyspelými štátmi v Európskej únii a jej dôsledky pre budúci vývoj inflácie . Porovnanie priemernej cenovej hladiny Česka a SRN. Závislosť cenovej hladiny na výške HDP. Odchylky v relatívnych cenách. Dôsledky pre infláciu.

Enregistré dans:
Détails bibliographiques
Auteur principal: Holub, Tomáš
Format: Chapitre de livre
Langue:tchèque
Sujets:
Tags: Ajouter un tag
Pas de tags, Soyez le premier à ajouter un tag!

MARC

LEADER 00000naa a2200000 4500
001 r039965
005 20231002111031.8
041 0 |a cze 
044 |a CZ 
245 1 0 |a Cenová konvergence k Evropské unii - problém relatívních cen  |c Tomáš Holub 
520 |a Problematika nízkej cenovej hladiny v Českej republike v porovnaní s vyspelými štátmi v Európskej únii a jej dôsledky pre budúci vývoj inflácie . Porovnanie priemernej cenovej hladiny Česka a SRN. Závislosť cenovej hladiny na výške HDP. Odchylky v relatívnych cenách. Dôsledky pre infláciu. 
610 2 0 |a konvergencia 
610 2 0 |a ceny 
610 2 0 |a hladina cenová 
610 2 0 |a ceny realizačné 
610 2 0 |a inflácia 
610 2 0 |a Česko 
610 2 0 |a Európska únia 
610 2 0 |a Nemecko 
100 1 |a Holub, Tomáš